Statistiques concernant Culture Générale - Série 1449

Cliquez ici pour prendre le quiz!

Statistiques générales

  • Ce quiz a été pris 68 fois
  • Le résultat moyen est 6 sur 10

Statistiques - réponses

QuestionRéponse% Correct
De quel instrument de musique le luthier tire-t-il son nom ?luth
95%
Dans quelle Région française vivent les Franciliens ?Île-de-France
92%
Par quel pays le Koweit a-t-il été envahi, le 2 août 1990 ?Irak
92%
Quel Roi mage a donné son nom à une bouteille de champagne contenant l'équivalent de 16 bouteilles normales ?Balthazar
79%
De quel pays d'Afrique les fondateurs du groupe Touré Kunda sont-ils originaires ?Sénégal
67%
Dans la chanson de Régine, quel accessoire "la grande Zoa" se met-elle autour du cou ?boa
67%
Quel artiste, ex-leader du groupe Savuka, est surnommé le "Zoulou blanc" ?Johnny Clegg
41%
Le mouvement punk, emmené par les Sex Pistols, avait pour slogan emblématique "No...Future
36%
En 1954, quel Autrichien est nommé chef à vie, de l'Orchestre philharmonique de Berlin ?Herbert von Karajan
28%
Dans quel État américain se trouve l'université de Princeton ?New Jersey
26%

Distribution des résultats

Percentile par nombre de réponses

% des personnes avec chaque résultat

Votre développement - résultats

Vous n’avez pas pris ce quiz